[Event "POL-chT3 0607"]
[Site "Poland"]
[Date "2007.02.18"]
[Round "8.36"]
[White "Gajewska, Anna"]
[Black "Bursa, Renata"]
[Result "0-1"]
[WhiteElo "1792"]
[BlackElo "2084"]
[PlyCount "116"]
[EventDate "2006.11.12"]
[EventType "team"]
[EventRounds "11"]
[EventCountry "POL"]
[SourceTitle "EXT 2009"]
[Source "ChessBase"]
[SourceDate "2008.11.26"]
[SourceVersion "1"]
[SourceVersionDate "2008.11.26"]
[SourceQuality "1"]

1. e4 e6 2. c4 d5 3. exd5 Nf6 4. dxe6 Bxe6 5. Nc3 Nc6 6. Nf3 Bc5 7. Be2 Nd4 8. d3 Nxe2 9. Qxe2 0-0 10. 0-0 Re8 11. Be3 Bg4 12. Qd2 Bd6 13. Ng5 Bf5 14. Rad1 Bxh2+ 15. Kxh2 Ng4+ 16. Kg1 Nxe3 17. fxe3 Qxg5 18. e4 Qxd2 19. Rxd2 Bg6 20. Nd5 Rad8 21. Rff2 Rd7 22. Nf4 Red8 23. Rde2 b6 24. Re3 Re8 25. Nxg6 hxg6 26. g4 Re5 27. Kg2 f6 28. b4 Kf7 29. Kf1 Ke6 30. Ke2 Rg5 31. Rg3 Ke5 32. Rgg2 Kd4 33. Kd2 a5 34. b5 Rd8 35. Rf4 Rh8 36. Re2 Ke5 37. Ke3 Rh3+ 38. Rf3 Rxf3+ 39. Kxf3 Kd4 40. Rd2 Kc3 41. Ke3 Rxg4 42. d4 Rg3+ 43. Kf4 Rg1 44. Re2 Kxd4 45. Rd2+ Kxc4 46. Rc2+ Kxb5 47. Rxc7 a4 48. Rxg7 Kb4 49. Rb7 b5 50. Rb6 Rf1+ 51. Ke3 Kc5 52. Ra6 g5 53. Re6 g4 54. Ke2 Ra1 55. e5 Rxa2+ 56. Kd3 Kd5 57. Rxf6 Kxe5 58. Rg6 Ra3+ 0-1

[Event "POL-chT3 0607"]
[Site "Poland"]
[Date "2006.11.19"]
[Round "2.18"]
[White "Gajewska, Anna"]
[Black "Weglarz, Joanna"]
[Result "0-1"]
[WhiteElo "1792"]
[BlackElo "2006"]
[PlyCount "112"]
[EventDate "2006.11.12"]
[EventType "team"]
[EventRounds "11"]
[EventCountry "POL"]
[SourceTitle "EXT 2009"]
[Source "ChessBase"]
[SourceDate "2008.11.26"]
[SourceVersion "1"]
[SourceVersionDate "2008.11.26"]
[SourceQuality "1"]

1. e4 c5 2. Nf3 d6 3. d4 cxd4 4. Nxd4 Nf6 5. Nc3 a6 6. Be2 e6 7. 0-0 Be7 8. Kh1 0-0 9. f4 Qc7 10. Bf3 Nc6 11. Nb3 b5 12. a3 Bb7 13. g4 b4 14. axb4 Nxb4 15. Na5 Nd7 16. Nxb7 Qxb7 17. Na4 Nb6 18. Nxb6 Qxb6 19. c3 Nc6 20. Qe2 Na5 21. Be3 Qb5 22. Qg2 Nc4 23. Bc1 Rfd8 24. f5 Ne5 25. Be2 Qc5 26. Rxa6 Rxa6 27. Bxa6 Nc4 28. fxe6 fxe6 29. Qe2 d5 30. Bxc4 dxc4 31. Rd1 Rxd1+ 32. Qxd1 Qf2 33. Qg1 Qf3+ 34. Qg2 Qd1+ 35. Qg1 Qe2 36. h3 Bd6 37. Qg2 Qe1+ 38. Qg1 Qxe4+ 39. Qg2 Qe1+ 40. Qg1 Qe2 41. Qg2 Qd1+ 42. Qg1 Qc2 43. h4 Qe4+ 44. Qg2 Qe1+ 45. Qg1 Qxh4+ 46. Kg2 Qxg4+ 47. Kf1 Qd1+ 48. Kg2 Qc2+ 49. Kh3 Qd3+ 50. Qe3 Qf5+ 51. Kg2 Bc5 52. Qd2 Qd5+ 53. Qxd5 exd5 54. Kf3 Kf7 55. Kf4 Ke6 56. Kf3 Kf5 0-1

[Event "KPZS-ch"]
[Site "Sepolno Kraj"]
[Date "2006.06.29"]
[Round "8"]
[White "Gajewska, Anna"]
[Black "Budnik, Kazimierz"]
[Result "1-0"]
[WhiteElo "1800"]
[BlackElo "1800"]
[PlyCount "83"]
[EventDate "2006.06.24"]
[EventType "swiss"]
[EventRounds "9"]
[EventCountry "POL"]
[SourceTitle "EXT 2007"]
[Source "ChessBase"]
[SourceDate "2006.11.23"]
[SourceVersion "1"]
[SourceVersionDate "2006.11.23"]
[SourceQuality "1"]

1. e4 c5 2. Nf3 d6 3. c3 e6 4. d4 cxd4 5. cxd4 Be7 6. Nc3 a6 7. Be3 b5 8. d5 e5 9. Bd3 Nf6 10. 0-0 0-0 11. h3 Nbd7 12. a3 Bb7 13. Nh2 Rc8 14. f4 exf4 15. Bxf4 Ne5 16. Bxe5 dxe5 17. Ng4 Qb6+ 18. Kh1 Nxg4 19. Qxg4 Rcd8 20. Ne2 Rd6 21. Ng3 Rg6 22. Qf3 Rf6 23. Nf5 Kh8 24. Qg3 Rg6 25. Qf3 Bd8 26. h4 Rf6 27. g4 Qa7 28. g5 Rb6 29. Qg3 Qb8 30. d6 Re8 31. Rac1 Rf8 32. Qxe5 f6 33. Qd4 Re8 34. Rg1 Qa8 35. Rce1 Re5 36. Nxg7 Rc6 37. Nh5 Rc4 38. Bxc4 Rxe4 39. Rxe4 Bxe4+ 40. Kh2 bxc4 41. gxf6 Qd5 42. f7+ 1-0